[Event "Corona Amateur Tournament (C-HTO)"]
[Site "Biel/Bienne"]
[Date "2020.07.26"]
[Round "6.28"]
[White "Famel, Edouard"]
[Black "Khoury, Theo"]
[Result "1-0"]
[WhiteElo "1934"]
[BlackElo "1465"]
[PlyCount "95"]
[EventDate "2020.07.20"]

1. d4 Nf6 2. c4 c5 3. d5 e6 4. Nc3 exd5 5. cxd5 d6 6. e4 g6 7. Bd3 Bg7 8. Nge2
O-O 9. Bf4 a6 10. a4 Re8 11. O-O Qe7 12. h3 Nbd7 13. Qb3 Nh5 14. Bh2 Ne5 15.
Bc2 f5 16. f4 Nf7 17. Kh1 fxe4 18. Bxe4 Bf5 19. Bf3 Nf6 20. Rad1 Qc7 21. Qc4
Nd7 22. g4 Nb6 23. Qa2 Bd7 24. Kg2 Nc8 25. Bg3 Qd8 26. Qb3 Rb8 27. Qc2 b5 28.
b3 bxa4 29. bxa4 Qa5 30. f5 gxf5 31. gxf5 Re3 32. Rd3 Bxf5 33. Be4 Bxe4+ 34.
Nxe4 Rxe4 35. Rxf7 Qxa4 36. Qxa4 Rxa4 37. Rd7 Bf8 38. Be1 Nb6 39. Rg3+ Kh8 40.
Bc3+ Rd4 41. Nxd4 Nxd7 42. Nc6+ Ne5 43. Nxb8 Bg7 44. Nc6 Ng6 45. Bxg7+ Kxg7 46.
Ne7 Kf6 47. Nxg6 hxg6 48. Re3 1-0

[Event "Corona Amateur Tournament (C-HTO)"]
[Site "Biel/Bienne"]
[Date "2020.07.26"]
[Round "6.29"]
[White "Bonferroni, Thierry"]
[Black "Svendsen, Hannelore"]
[Result "1-0"]
[WhiteElo "1964"]
[BlackElo "1735"]
[PlyCount "35"]
[EventDate "2020.07.20"]

1. e4 e6 2. d4 a6 3. a4 c5 4. Nf3 d6 5. dxc5 Qa5+ 6. c3 Qxc5 7. Be3 Qc6 8. Bb5
axb5 9. axb5 Qc7 10. Rxa8 Nd7 11. b6 Qc6 12. Nd4 Qxe4 13. Rxc8+ Ke7 14. O-O
Nxb6 15. Rc7+ Nd7 16. Qa4 Ngf6 17. Bg5 Kd8 18. Qxd7# 1-0

[Event "Corona Amateur Tournament (C-HTO)"]
[Site "Biel/Bienne"]
[Date "2020.07.26"]
[Round "6.30"]
[White "Freiburghaus, Simon"]
[Black "Lips, Adrian"]
[Result "1-0"]
[WhiteElo "1717"]
[BlackElo "1878"]
[PlyCount "87"]
[EventDate "2020.07.20"]

1. d4 d5 2. Nf3 Nf6 3. Bf4 c5 4. c3 Nc6 5. e3 Qb6 6. b3 Bg4 7. Be2 e6 8. Ne5
Bxe2 9. Qxe2 Be7 10. h3 O-O 11. Nd2 Rac8 12. dxc5 Bxc5 13. Nd3 Be7 14. O-O Na5
15. Be5 Qa6 16. Rfc1 Rfd8 17. Nf4 Nd7 18. Qxa6 bxa6 19. Nd3 Rc6 20. Bd4 Ba3 21.
Rc2 f6 22. f4 Rdc8 23. e4 Nc5 24. Bxc5 Bxc5+ 25. Nxc5 Rxc5 26. b4 Rxc3 27. Rxc3
Rxc3 28. bxa5 Rd3 29. Nb3 dxe4 30. Kf2 Rc3 31. Rc1 Rxc1 32. Nxc1 Kf7 33. Ke3 f5
34. Nb3 Ke7 35. Nc5 Kd6 36. Nxa6 h6 37. Kd4 g5 38. g3 Kc6 39. a4 Kd6 40. Nb4
gxf4 41. gxf4 h5 42. Nc2 h4 43. Ne3 a6 44. Ng2 1-0